Statistiken für Allgemeinwissen der Geschichte #12

Klicken Sie hier um das Quiz zu spielen!

Allgemein

  • Dieses Quiz wurde 1,438 mal gespielt
  • Das Durchschnittsergebnis liegt bei 11 aus 20

Antwortstatistiken

Frage Antwort % Korrekt
Welcher Komponist war fast komplett taub als er seine 9. und letzte Sinfonie schrieb?Ludwig van Beethoven
96%
Welches antike Königreich verehrte Osiris, Amun und Isis?Ägypten
89%
Welches einschnürende Kleidungsstück wurde von den Frauen des 19. Jahrhunderts getragen um eine kleinere Taille zu erhalten?Korsett
89%
Welcher teure Stoff wurde bis etwa 300 n.Chr. nur in China hergestellt?Seide
89%
Welche Eisenbahn verband ab 1916 Moskau mit Wladiwostok?Trans{sibirische}
Eisenbahn
79%
Welcher US-Staat war für fast 10 Jahre ein unabhängiger Staat?Texas
67%
Welches Monument wurde vom Großmogul Shah Jahan erbaut, um das Grab für seine große Liebe zu beherbergen?der Taj Mahal
63%
Welche Insel in den 1950ern von Fulgencio Batista regiert?Kuba
60%
Welcher mauritische Vogel wurde um das Jahr 1600 ausgerottet?Dodo
52%
Welche Art von Kolonie wurde 1788 in Australien eingeführt?Strafkolonie
51%
Welche Insel des modernen Tansanias war einst ein Zentrum des arabischen Gewürz- und Sklavenhandels?Sansibar
47%
Der Tempel welcher Stadt wurde 70 n.Chr. von den Römern zerstört?Jerusalem
46%
Wer war die Tochter von Heinrich VIII. und Anne Boleyn?Königin Elisabeth I.
46%
Welches Land wurde von Spanien, den USA und Japan kontrolliert, bevor es schließlich unabhängig wurde?Philippinen
45%
Welche Technologie half Wernher von Braun mitzuentwickeln?Raketen
44%
Wer war Kaiser Japans während des Zweiten Weltkrieges?Hirohito
34%
Welche Seeschlacht wird als Wendepunkt des Pazifikkrieges angesehen?Schlacht um {Midway}
23%
Was war das größte Tier, das auf dem amerikanischen Kontinent domestiziert wurde?Lama
21%
Wer unterzeichnete die Emanzipationsproklamation?Abraham Lincoln
16%
Welcher "ismus" wurde von den Leuten praktiziert, die Präsident McKinley und Zar Alexander II. umbrachten?{Anarch}ismus
16%

Verteilung der Resultate

Perzentil nach korrekt beantworteten Fragen

Anzahl Personen mit jedem Resultat

Ihre Resultats-Entwicklung

Sie haben dieses Quiz noch nicht gespielt